000 00308nam a2200133Ia 4500
008 220613s9999||||xx |||||||||||||| ||und||
100 _aKarambelkar P V
245 0 _aPatanjal yog Sutra ( Hindi)
250 _a3rd(2012)
260 _bKaivalyadhama Lonavia
300 _a181
650 _aYoga
942 _cGB
999 _c11160
_d11160